[Event "Ustron op-C"]
[Site "Ustron"]
[Date "2021.08.16"]
[Round "4"]
[White "Nowosad, Jan"]
[Black "Stypka, Sebastian"]
[Result "1-0"]
[WhiteElo "1600"]
[BlackElo "1243"]
[PlyCount "81"]
[EventDate "2021.08.13"]
[EventType "swiss"]
[EventRounds "9"]
[EventCountry "POL"]
[SourceTitle "EXT 2022"]
[Source "ChessBase"]
[SourceDate "2021.10.06"]
[SourceVersion "1"]
[SourceVersionDate "2021.10.06"]
[SourceQuality "1"]

1. e4 e5 2. Nc3 Nf6 3. d4 Bb4 4. dxe5 Nxe4 5. Qg4 d5 6. Qxg7 Rf8 7. a3 Ba5 8. Bh6 Qe7 9. b4 Nxc3 10. Qxf8+ Qxf8 11. Bxf8 Kxf8 12. bxa5 Nc6 13. f4 Nd4 14. Bd3 Bd7 15. Nf3 Ne6 16. g3 Kg8 17. Bf5 c5 18. Bxe6 fxe6 19. Nd2 Bb5 20. Kf2 Rc8 21. Rhe1 Kg7 22. Re3 d4 23. Rxc3 dxc3 24. Ne4 Ba4 25. Rc1 Rd8 26. Ke3 b6 27. Nxc3 Bc6 28. axb6 axb6 29. Rb1 Rb8 30. a4 Rb7 31. Rd1 Kf7 32. Rd6 Rc7 33. Ne4 Bxa4 34. c3 b5 35. Ng5+ Ke8 36. Rxe6+ Kd8 37. Rb6 Ke8 38. f5 b4 39. f6 Bd7 40. e6 Bc8 41. f7+ 1-0